000 00477nam a2200157 4500
001 110410
003 ES-MaACL
005 20230906185039.0
007 t|
008 061121s1912 ie r ||||1| eng d
100 1 _aO'Donoghue, D.J.
_986324
245 1 4 _aThe poets of Ireland
_b: a biographical dictionary of irish writers of english verse /
_cD.J. O'Donoghue.
260 _aDublin :
_bHodges Figgis,
_c1912.
300 _aIV, 504 p. ;
_c23 cm.
852 _aES-MaACL
_jC-1451
999 _c110410
_d110410